| 000 | 00422nam a2200121Ia 4500 | ||
|---|---|---|---|
| 008 | 170221s9999 xx 000 0 und d | ||
| 245 | _aPOTENTIAL ASSOCIATION OF PRIVATE UNIVERSITY BRANDING EFFOTS WITH PERCEPTIONS AND ATTITUDES OF PROSPECTIVE STUDENTS: A STUDY IN SRI LANKA | ||
| 260 | _bManagement & Marketing | ||
| 260 | _c2016 | ||
| 300 | _aXIV : 2 | ||
| 650 | _xMarketing. | ||
| 856 | _uhttp://www.mnmk.ro/en/nrcrt.php | ||
| 999 |
_c308408 _d308408 |
||